| 000 | 00754nam a22001937a 4500 | ||
|---|---|---|---|
| 008 | 170516b xxu||||| |||| 00| 0 eng d | ||
| 020 | _a0-88132-104-4 | ||
| 082 |
_21993 _aDC 332.4564 _bD71 |
||
| 100 |
_920823 _aDominguez, Kathryn M. |
||
| 245 |
_aDoes foreign exchange intervention work?/ _cKathryn M. Dominguez and Jeffrey A. Frankel |
||
| 260 |
_aNew York: _bInstitute for International Economics, _cc1993. |
||
| 300 |
_axii, 178 pages; _c23 cm |
||
| 500 | _aIncludes bibliographical references and index. | ||
| 650 | 0 |
_920824 _aForeign exchange administration _zUnited States |
|
| 650 | 0 |
_920825 _aForeign exchange administration _zGermany |
|
| 650 | 0 |
_920826 _aMonetary policy _zUnited States |
|
| 700 |
_920827 _aFrankel, Jeffrey A. |
||
| 942 |
_2ddc _cDC |
||
| 999 |
_c6885 _d6885 |
||